000 00330nam a22001457a 4500
003 SGT
020 _a9788119613779
082 _a615
_bGUP
100 _aGUPTA PRINCE
245 _aTEXTBOOK OF HOSPITAL CLINICAL PHARMACY
260 _aINDIA
_bIP PUB
_c2024
300 _a161
650 _aCLINICAL PHARMACY
942 _2ddc
_cBK
999 _c34227
_d34227